NBA 2024-2025 Trade Deadline Players - Statistics

General Stats
  • This quiz has been taken 22 times
  • The average score is 10 of 13
Answers on the Grid
Answers color-coded by a green-red scale on the quiz's grid according to % correct below.
Jimmy Butler
Kyle Kuzma
James Wiseman
De'Andre Hunter
Kevin Durant
Luka Doncic
Marcus Smart
Jalen Brunson
Zach LaVine
Cooper Flagg
LeBron James
Jordan McLaughlin
Mo Bamba
Alex Sarr
Reggie Jackson
Bruce Brown
Jericho Sims
Sidy Cissoko
Jayson Tatum
Brandin Podziemski
 
Answer Stats
Answer % Correct
De'Andre Hunter
88%
Jimmy Butler
88%
Kyle Kuzma
88%
Marcus Smart
88%
Bruce Brown
82%
Luka Doncic
82%
James Wiseman
76%
Jordan McLaughlin
76%
Reggie Jackson
76%
Jericho Sims
71%
Mo Bamba
71%
Sidy Cissoko
71%
Zach LaVine
71%
No matching quizzes found
Score Distribution
Percent of People with Each Score
Percentile by Number Answered
Your Score History
You have not taken this quiz